000 01581nam a2200397 c 4500
003 BLK
005 20250106171033.0
008 180408b bul|||||r ||||||| ||bul||
010 _aKNG00045043000
020 _a978-954-730-705-6
_bиздат.: Сиби
040 _aBLK
041 _aBUL
_cBUL
072 7 _2bullib
_aН35
_xОбществено управление. Военни науки Н
080 _aНадзор върху общественото здравеопазване. Санитарен контрол. Здравна полиция
_b351.77
_x:614(497.2)(094.4)
_z351.77:614(497.2)(094.4)
110 1 _aБългария. Закони и др. п.
_9243213
139 _aБългария. Закони и др. п.
_bБ 92
245 1 0 _aЗакон за здравето
_bСб. нормат. актове
250 _a4. изд.
257 _aBGR
260 София
_bСиби
_c2011
_fСофия : Симолини
300 _a304 с.
_c19 см
380 _a3
490 1 _aПоредица Джобни издания
500 _aКор. опис.
650 4 _aЗдравеопазване - България - законодателни и директивни материали
_9265764
651 4 _aБългария
_9241624
653 _aздравеопазване
653 _aзакони
659 _aН
852 _aЦб 254180
856 4 _qpdf
_u
856 4 _qpdf
_u
942 _cKNG
_n0
_03
944 _aCR
_c28.12.2011
_lИвелин Русев
_k30563
944 _aED
_c14.02.2013
_lф /
_k
999 _c41478
_d41478